The Council Tax (Liability for Owners) (Amendment) (England) Regulations 2003 (Record no. 103326)
[ view plain ]
| 000 -LEADER | |
|---|---|
| fixed length control field | 01461cad a22002535a 4500 |
| 001 - CONTROL NUMBER | |
| control field | L124979 |
| 008 - FIXED-LENGTH DATA ELEMENTS--GENERAL INFORMATION | |
| fixed length control field | 040202s2003 xxk l f000 0 eng u |
| 020 ## - INTERNATIONAL STANDARD BOOK NUMBER | |
| International Standard Book Number | 0110482581 |
| 035 ## - SYSTEM CONTROL NUMBER | |
| System control number | (Sirsi) u124979 |
| 041 ## - LANGUAGE CODE | |
| Language code of text/sound track or separate title | eng |
| 245 04 - TITLE STATEMENT | |
| Title | The Council Tax (Liability for Owners) (Amendment) (England) Regulations 2003 |
| Medium | [electronic resource] |
| 260 ## - PUBLICATION, DISTRIBUTION, ETC. | |
| Place of publication, distribution, etc. | London |
| Name of publisher, distributor, etc. | HMSO |
| Date of publication, distribution, etc. | 2003 |
| 490 ## - SERIES STATEMENT | |
| Series statement | SI |
| Volume/sequential designation | 2003: 3125 |
| 520 ## - SUMMARY, ETC. | |
| Summary, etc. | Came into force 1 January 2004. Substitute a new Class A into the Council Tax (Liability for Owners) Regulations 1992. Class A refers to care homes within the meaning of the Care Standards Act 2000, buildings or part of a building in which residential care is provided under the National Assistance Act 1948 s21 and a hostel within the meaning given by the Local Government Finance Act 1992 Sched 1 para 7. The owner not the occupier will be liable to pay council tax for care homes which come within the meaning of the Care Standards Act 2000. View at www.legislation.hmso.gov.uk |
| -- | i. |
| 650 ## - SUBJECT ADDED ENTRY--TOPICAL TERM | |
| Topical term or geographic name entry element | COUNCIL TAX |
| 650 ## - SUBJECT ADDED ENTRY--TOPICAL TERM | |
| Topical term or geographic name entry element | LOCAL GOVERNMENT FINANCE ACT 1992 |
| 650 ## - SUBJECT ADDED ENTRY--TOPICAL TERM | |
| Topical term or geographic name entry element | COUNCIL TAX (LIABILITY OF OWNERS) REGULATIONS 1992 |
| 650 ## - SUBJECT ADDED ENTRY--TOPICAL TERM | |
| Topical term or geographic name entry element | CARE STANDARDS ACT 2000 |
| 650 ## - SUBJECT ADDED ENTRY--TOPICAL TERM | |
| Topical term or geographic name entry element | NATIONAL ASSISTANCE ACT 1948 |
| 650 ## - SUBJECT ADDED ENTRY--TOPICAL TERM | |
| Topical term or geographic name entry element | RESIDENTIAL CARE HOMES |
| 690 ## - LOCAL SUBJECT ADDED ENTRY--TOPICAL TERM (OCLC, RLIN) | |
| Topical term or geographic name as entry element | RATING AND LOCAL TAXATION |
| 856 ## - ELECTRONIC LOCATION AND ACCESS | |
| Uniform Resource Identifier | <a href="https://www.legislation.gov.uk/uksi/2003/3125/contents/made">https://www.legislation.gov.uk/uksi/2003/3125/contents/made</a> |
| Public note | View the Regulations free of charge at www.legislation.gov.uk |
| 942 ## - ADDED ENTRY ELEMENTS (KOHA) | |
| Suppress in OPAC | 0 |
| Withdrawn status | Lost status | Source of classification or shelving scheme | Damaged status | Not for loan | Home library | Current library | Shelving location | Date acquired | Total Checkouts | Full call number | Barcode | Date last seen | Copy number | Price effective from | Koha item type |
|---|---|---|---|---|---|---|---|---|---|---|---|---|---|---|---|
| Dewey Decimal Classification | Virtual | Virtual | Online | 02/02/2004 | ONLINE PUBLICATION | 124979-2001 | 06/08/2019 | 1 | 06/08/2019 | Book |